| 000 | 00340nam a2200145Ia 4500 | ||
|---|---|---|---|
| 008 | 230312s9999||||xx |||||||||||||| ||und|| | ||
| 020 | _a0-446-97213-4 | ||
| 082 |
_a613.713 _bDOM-T |
||
| 100 | _aDominguez;Richard | ||
| 245 | 0 | _aComplete book of Medicine | |
| 260 |
_bRicherd _aUS _c1979 |
||
| 300 | _a181 | ||
| 650 | _aMedical | ||
| 942 | _cBK | ||
| 999 |
_c1562 _d1562 |
||